Twilight Saga A - Z #2 - Statistics

General Stats
  • This quiz has been taken 140 times
  • The average score is 15 of 23
Answer Stats
Hint Answer % Correct
E: Which Cullen had a miscarriage? Esme
91%
Y: Color of Alice's Porsche yellow
89%
N: Renesmee's nickname Nessie
88%
R: Which Cullen hates Bella the most? Rosalie
88%
J: one of Bella's very first friends in Forks Jessica
86%
O: First blank month of New Moon October
86%
V: The cullens are ____, not "meat eaters" vegetarian
82%
G: Color of the Cullens' eyes gold
81%
Q: One of Jacob's best friends Quil
81%
B: Place that James lures Bella to ballet studio
80%
S: Who helps Edward defeat Victoria and Riley Seth
78%
D: The ____ coven from Alaska Denali
76%
T: The Short Second Life of Bree ___ Tanner
70%
I: Another name for Native American Indian
64%
K: Actor who plays Emmett; ____ Lutz Kellan
59%
A: Mary ____ Brandon Alice
57%
M: Bella and Jacob fix these up in his garage motorcycles
56%
W: Major Jasper _____ (his human last name) Whitlock
50%
C: Besides Renesmee, who is the other baby that gets imprinted on Claire
44%
H: Directed the first Twilight movie; Catherine ___ Hardwicke
32%
P: If vampires are the "cold ones", then humans are the ____ pale faces
26%
F: Edward's birthday gift to Bella (in Breaking Dawn) Ferrari
21%
L: Edward's birthday gift to Bella (in Twilight) lullaby
13%
No matching quizzes found
Score Distribution
Percent of People with Each Score
Percentile by Number Answered
Your Score History
You have not taken this quiz